000 00705nam a2200289Ia 4500
005 20260324123022.0
008 008 260324s9999 xx 000 0 eng d
020 _a9781351277884
037 _aEBOOK
040 _aCRL
040 _beng
040 _cCRL
041 _2eng
041 _aeng
084 _qCRL
100 _aTimothy Mohin
_91168709
245 0 _aChanging Business from the Inside Out
245 2 _bA Treehugger’s Guide to Working in Corporations
260 _bTaylor and Francis
260 _c2012
365 _a
365 _b155
856 _uhttp://www.taylorfrancis.com/books/9781351277884
942 _cEBOOK
999 _c1761870
_d1761870